|
|
|
|
| LEADER |
02022nam a2200469 a 4500 |
| 001 |
nkc20061643877 |
| 003 |
CZ PrNK |
| 005 |
20251216103446.0 |
| 007 |
ta |
| 008 |
060221s2006 xr ach g 001 0 cze |
| 015 |
|
|
|a cnb001643877
|
| 020 |
|
|
|a 80-239-6716-9
|q (váz.)
|
| 035 |
|
|
|a (OCoLC)85702330
|
| 040 |
|
|
|a ABA001
|b cze
|
| 043 |
|
|
|a n------
|a s------
|a u-at---
|
| 072 |
|
7 |
|a 94(100)
|x Světové dějiny
|2 Konspekt
|9 8
|
| 080 |
|
|
|a 94(7+8)
|2 MRF
|
| 080 |
|
|
|a 94(94)
|2 MRF
|
| 080 |
|
|
|a (048.8)
|2 MRF
|
| 245 |
0 |
0 |
|a Toulky minulostí světa.
|n Osmý díl,
|p [Osídlení Nového světa, vznik Spojených států a jejich velmocenská cesta, dějiny Latinské Ameriky a Austrálie] /
|c editor Zdeněk Volný ; [autorský kolektiv Jan Bauer ... et al. ; ilustrace Zdeněk Šindlauer]
|
| 246 |
3 |
0 |
|a Osídlení Nového světa, vznik Spojených států a jejich velmocenská cesta, dějiny Latinské Ameriky a Austrálie
|
| 250 |
|
|
|a 1. vyd.
|
| 260 |
|
|
|a Praha :
|b Via Facti,
|c 2006
|
| 300 |
|
|
|a 223 s. :
|b il., portréty, faksim. ;
|c 31 cm
|
| 500 |
|
|
|a Název části z obálky
|
| 504 |
|
|
|a Obsahuje bibliografii a rejstřík
|
| 651 |
|
7 |
|a Amerika
|7 ge129120
|x dějiny
|2 czenas
|
| 651 |
|
7 |
|a Austrálie
|7 ge128695
|x dějiny
|2 czenas
|
| 651 |
|
9 |
|a America
|x history
|2 eczenas
|
| 651 |
|
9 |
|a Australia
|x history
|2 eczenas
|
| 655 |
|
7 |
|a přehledy
|7 fd133202
|2 czenas
|
| 655 |
|
9 |
|a surveys
|2 eczenas
|
| 700 |
1 |
|
|a Volný, Zdeněk,
|d 1946-
|7 jk01150551
|4 edt
|
| 700 |
1 |
|
|a Bauer, Jan,
|d 1945-2025
|7 jk01011157
|4 aut
|
| 700 |
1 |
|
|a Šindlauer, Zdeněk,
|d 1963-
|7 jn20001227290
|4 ill
|
| 856 |
4 |
1 |
|u http://www.digitalniknihovna.cz/mzk/uuid/uuid:afbcd660-510d-11e3-ac69-005056827e51
|y Digitalizovaný dokument
|x NDK
|
| 910 |
2 |
|
|a BOA001
|b 4-1065.369,8
|
| 990 |
|
|
|a BK
|
| 995 |
|
|
|a 01
|
| 991 |
|
|
|b 200801
|c NOV
|
| 996 |
7 |
|
|b 2610330529
|c 4-1065.369,8
|l MZK
|r Sklad / do 1 hodiny
|n 1
|p p.v.
|w 000882838
|u 000010
|a 1
|e BOA001
|j MZK50
|s A
|
| 996 |
6 |
|
|b 2610531134
|c 4-1065.369,8
|l MZK
|r Sklad / do 1 hodiny
|n 0
|p kup
|w 000882838
|u 000020
|a 1
|e BOA001
|j MZK50
|s P
|